Organová škola Vítaná pomôcka mladým

Bibliographic Details
Main Authors: Palovčík, Michal, 1921-2002 (Author), Dzemjanová, Emília, 1959- (Author)
Format: Article
Language:Slovak
ISSN:0862-5999
Subjects:

MARC

LEADER 00000nab a2200000 a 4500
001 vtls000593777
003 SK-MaSNL
005 20260304204244.0
008 140422c1996 xo 0 slo
015 |a SNBRB19rr/mm-uuuuu 
035 |a CL0593916 
040 |a SNKBUCL  |b slo  |c SNKBUCL  |e AACR2 
041 0 |a slo 
044 |a xo  |c SK 
080 |a 786.6(075)  |2 1981 
100 1 |a Palovčík, Michal,  |d 1921-2002  |4 aut  |9 105075 
245 1 0 |a Organová škola  |b Vítaná pomôcka mladým  |c Michal Palovčík 
650 0 7 |a hra na organe  |2 snkbucl  |9 15218 
655 7 |a články z novín a časopisov  |2 snkbucl  |9 267496 
700 1 |a Dzemjanová, Emília,  |d 1959-  |4 aut  |9 40041 
773 0 |t Literárny týždenník  |g Roč. 9, č. 21 (1996), s. 15  |x 0862-5999 
787 0 8 |i Rec.:  |a Dzemjanová, Emília  |t Organová škola, 1996 
850 |a Slovenská národná knižnica v Martine  |a MTA001 
852 |a SNK  |b KIS3GCP 
958 |a RK 
999 |c 3115021  |d 3116951